| 000 | 00962nam a2200289 a 4500 | ||
|---|---|---|---|
| 001 | C01483139c-3 | ||
| 003 | CO-ViMGA | ||
| 005 | 20230915232211.0 | ||
| 008 | 150728s2014 sp a gr 00010 spa d | ||
| 020 | _a9788427200692 | ||
| 040 |
_aCO-ViMGA _bspa _cCO-ViMGA |
||
| 041 | 1 | _heng | |
| 082 | 0 | 4 |
_a813.5 _bK46c _221 |
| 100 | 1 |
_aKinney, Jeff, _d1971- _92348 |
|
| 245 | 1 | 0 |
_aDiario de Greg : _bla cruda realidad / _cJeff Kinney ; de la traducción Esteban Morán. |
| 250 | _a17a. edición. | ||
| 260 |
_aBarcelona : _bRBA Libros, _c2014. |
||
| 300 |
_a217 páginas : _bilustraciones ; _c21 cm. |
||
| 490 | 1 |
_aDiario de Greg ; _v5 |
|
| 490 | 1 | _aRBA. Molino | |
| 534 |
_pTítulo original : _tDiary of a Wimpy Kid, the ugly truth. |
||
| 650 | 1 | 4 |
_aAmistad _v Novela juvenil. _92349 |
| 650 | 1 | 4 |
_aNovela juvenil estadounidense. _91575 |
| 650 | 1 | 4 |
_aVida cotidiana _v Novela juvenil _92355 |
| 700 | 1 |
_aMorán, Esteban, _eeditor. _92360 |
|
| 942 |
_2ddc _cBK |
||
| 999 |
_c33779 _d33779 |
||